Military Veteran Celebrities Quiz Stats

 Plays Quiz Updated May 21, 2015

Challenge
Share
Tweet
Embed
Score 0/22 Timer 05:00
0 Plays Today
Hint Answer % Correct
Director/actor who did both in Unforgiven and Gran TorinoClint Eastwood
85.3%
M*A*S*H star who played HawkeyeAlan Alda
80.7%
Actor who starred in Casablanca, The Maltese FalconHumphrey Bogart
77.1%
Martial artist and actor from Walker, Texas RangerChuck Norris
71.8%
Professional wrestler and former Governor of MinnesotaJesse Ventura
64.9%
Director/actor; works include Young FrankensteinMel Brooks
60.5%
Founder of Wendy'sDave Thomas
54.1%
Famous singer of 'I Left My Heart in San Francisco'Tony Bennett
52.3%
Star of 5 'Death Wish' films; also appeared in made-for-TV 'A Family of Cops' moviesCharles Bronson
47.1%
1953 Best Actress for Roman Holiday; also starred in War and PeaceAudrey Hepburn
42.8%
Standup comedian and TV star who played Cliff from 1984-92Bill Cosby
38.8%
Hint Answer % Correct
Actor who played opposite Jackie Gleason in The HoneymoonersArt Carney
37.1%
Undefeated boxer with 49 wins, including 43 by knockoutRocky Marciano
31.3%
Chef and TV personality from The French ChefJulia Child
30.3%
Actor who starred in 'Bullit' and 'The Great Escape'Steve McQueen
23.9%
Wrote Angela's Ashes at age 66Frank McCourt
23.7%
Magazine publisher, son of B.C. and father of SteveMalcolm Forbes
17.5%
Actor and musician - appeared in 'Bright Road' and collaborated on 'We Are the World'Harry Belafonte
1.7%
His first album, Dance Mania (1958), was his best sellingTito Puente
1.1%
'Steely' entrepreneur, founder of Worthington IndustriesJohn McConnell
1.1%
Astronaut on first Challenger voyage; earned 6 college degrees but not high school diplomaStory Musgrave
0.7%
Key Silicon Valley figure who helped amazon.com and Sun MicroSystems get off the groundEugene Kleiner
0.3%

You're not logged in!

Compare scores with friends on all Sporcle quizzes.
Join for Free
OR
Log In

You Might Also Like...

Show Comments

Extras

Top Quizzes Today


Score Distribution

Your Account Isn't Verified!

In order to create a playlist on Sporcle, you need to verify the email address you used during registration. Go to your Sporcle Settings to finish the process.

Report this User

Report this user for behavior that violates our Community Guidelines.

Details: